Bioviolence

Saved in:
Bibliographic Details
Main Author: Kellman
Format: Book
Tags: Add Tag
No Tags, Be the first to tag this record!
Call Number :

MARC

LEADER 00000pam a2200000 4500
001 24668
003 MY-KLNDU
005 20241218081547.0
020 0 0 |a 9780521883252 
035 |a 0000037604 
039 9 |a 200911181239  |b VLOAD  |y 200910091736  |z VLOAD 
100 0 0 |a Kellman 
245 0 0 |a Bioviolence 
591 |a 0000008281  |b 30/03/09  |c 0200-07  |d 1  |e RM311.53  |f 1  |g 311.53  |h Pustaka Darul Warisan Sdn. Bhd. 
999 |a vtls000034255  |c 24668  |d 24668